Personnage Black Clover - Statistics

General Stats
  • This quiz has been taken 37 times
  • The average score is 33 of 105
Answer Stats
# Personnage % Correct
1 Asta
96%
9 Yami
93%
11 Noelle Silva
89%
2 Yuno
89%
15 Charmy
82%
16 Finral
79%
45 Julius Novachrono
79%
13 Luck
79%
3 Sœur Lily
75%
34 Fuegoleon Vermillion
71%
12 Magna
71%
23 William Vangeance
71%
37 Charlotte Roselei
68%
17 Gordon
68%
14 Vanessa
68%
40 Jack the Ripper
64%
27 Mimosa Vermillion
64%
53 Licht
61%
33 Mereoleona Vermillion
61%
10 Nacht Faust
61%
30 Nozel Silva
61%
35 Leopold Vermillion
57%
19 Gray
54%
20 Zora
54%
21 Henry
50%
26 Klaus Lunettes
50%
98 Liebe
50%
88 Marie Adley
50%
61 Mars
50%
47 Rill Boismortier
50%
31 Solid Silva
50%
57 Fana
46%
42 Sekke Bronzazza
46%
18 Gosh
43%
24 Langris Vaude
43%
32 Nebra Silva
43%
38 Sol Marron
43%
89 Acier Silva
39%
72 Lucius Zogratis
39%
22 Nero
39%
77 Augustus Kira Clover XIII
36%
73 Dante Zogratis
36%
56 Vet
36%
43 Dorothy Unsworth
32%
74 Vanica Zogratis
32%
75 Zenon Zogratis
32%
46 Marx François
29%
54 Patry
29%
4 Père Orsi
29%
93 Rebecca Scarlet
29%
55 Ryah
29%
50 Kaiser Granvorka
25%
44 Kirsch Vermillion
25%
100 Lucifero
25%
84 Lemiel Silvamillion Clover
21%
70 Lolopechka
21%
49 Morgen Faust
21%
6 Nash
21%
99 Zagred
21%
76 Damnatio Kira
18%
81 Kahono
18%
102 Megicula
18%
97 Ondine
18%
78 Reine des Sorcières
18%
59 Valtos
18%
65 Fanzell Kruger
14%
52 Gueldre Poizot
14%
85 Neige
14%
58 Sally
14%
95 Sylph
14%
87 Theresa Rapual
14%
25 Alecdora Sandler
11%
41 En Ringard
11%
71 Gadjah
11%
82 Kiato
11%
62 Ladros
11%
64 Lotus Whomalt
11%
60 Rades Spirito
11%
96 Salamandre
11%
90 Zara Ideale
11%
101 Belzébuth
7%
67 Lagus
7%
39 Paulie Angel
7%
36 Randall Luftair
7%
86 Revchi Salik
7%
7 Aruru
4%
68 Broccos
4%
48 Fragil Tormenta
4%
103 Gimodelo
4%
66 Mariella
4%
63 Moris Libardirt
4%
83 Owen
4%
5 Recca
4%
94 Salim Hapshass
4%
51 Xerx Lugner
4%
91 Drouot
0%
79 Gifso
0%
80 Gio
0%
28 Hamon Caseus
0%
8 Holo
0%
105 Plumede
0%
92 Seihi
0%
29 Siren Tium
0%
104 Slotos
0%
69 Yagos
0%
No matching quizzes found
Score Distribution
Percent of People with Each Score
Percentile by Number Answered
Your Score History
You have not taken this quiz